Central Library OPAC University of Rajshahi
Normal view MARC view

Entry Topical Term

Number of records used in: 2

001 - CONTROL NUMBER

  • control field: 12149

003 - CONTROL NUMBER IDENTIFIER

  • control field: BD-RjUL

005 - DATE AND TIME OF LATEST TRANSACTION

  • control field: 20240308194926.0

008 - FIXED-LENGTH DATA ELEMENTS

  • fixed length control field: 240308|| aca||aabn | a|a d

040 ## - CATALOGING SOURCE

  • Original cataloging agency: BD-RjUL
  • Transcribing agency: BD-RjUL

150 ## - HEADING--TOPICAL TERM

  • Topical term or geographic name entry element: Mogul Empire Kings and rulers
  • Geographic subdivision: India

670 ## - SOURCE DATA FOUND

  • Source citation: Work cat.: (BD-RjUL)83272: شبلى نعمانى،, Shiblī Nuʻmānī 1857-1914 759, اورنگزىب عالمگىر پر ايک نظر / Aurangzeb ʻĀlamgīr par ek naz̤ar /, 1952